[In]formação em cidadania e controle social / (Record no. 1189)

MARC details
000 -LÍDER
Campo Fixo de Controle 01007nam a2200289 a 4500
001 - NÚMERO DE CONTROLE
Campo de Controle 1189
003 - IDENTIFICAÇÃO DO NÚMERO DE CONTROLE
Campo de Controle BR-CuiBMT
005 - DATA E HORA DA ÚLTIMA ATUALIZAÇÃO
Campo de Controle 20231216011136.0
008 - DADOS FIXOS
Dados Fixos 231130s2017 mtba 000 0 por d
020 ## - INTERNATIONAL STANDARD BOOK NUMBER
Nº do ISBN 9788532706096
040 ## - AGÊNCIA CATALOGADORA
Código da Agência Catalogadora BR-CuiBMT
Agência que transcreveu o registro BR-CuiBMT
080 ## - Nº DA CLASSIFICAÇÃO DECIMAL UNIVERSAL
Nº Class. CDU 37.018.43
Nº edição CDU 2007
090 ## - NÚMERO DE CHAMADA
Nº classificação 37.018.43
Cutter I35
245 01 - TÍTULO PRINCIPAL
Título principal [In]formação em cidadania e controle social /
Indicação de responsabilidade Cassyra L. Vuolo, Cristiano Maciel, Alexandre M. dos Anjos (organizadores).
246 ## - FORMAS VARIANTES DO TÍTULO
Título principal Informação em cidadania e controle social
260 ## - PUBLICAÇÃO, DISTRIBUIÇÃO, ETC.
Local de publicação Cuiabá :
Editora Edufmt,
Data 2017.
300 ## - DESCRIÇÃO FÍSICA
N. páginas ou volumes 387 p. :
Ilustrações il. ;
Dimensões 21 cm
490 1# - INDICAÇÃO DE SÉRIE
Título da série Coleção educação a distância ;
Volume/designação sequencial da série 13
504 ## - NOTA DE BIBLIOGRAFIA, ETC.
Nota de bibliografia Inclui bibliografia.
650 ## - ASSUNTO TÓPICO
Cabeçalho tópico ou nome geográfico Educação a distância
Subdivisão geográfica Mato Grosso
650 ## - ASSUNTO TÓPICO
Cabeçalho tópico ou nome geográfico Controle social
Subdivisão geográfica Mato Grosso
700 ## - ENTRADA SECUNDÁRIA -- NOME PESSOAL
Nome pessoal Vuolo, Cassyra Lucia Correa Barros
Cód. do termo explicativo Org.
700 ## - ENTRADA SECUNDÁRIA -- NOME PESSOAL
Nome pessoal Maciel, Cristiano
Cód. do termo explicativo Org.
700 ## - ENTRADA SECUNDÁRIA -- NOME PESSOAL
Nome pessoal Anjos, Alexandre Martins dos
Cód. do termo explicativo Org.
830 ## - ENTRADA SECUNDÁRIA DE SÉRIE -- TÍTULO UNIFORME
Título uniforme Educação a distância (EdUFMT)
Nº do volume/designação sequencial da série 13
942 ## - ELEMENTOS DE ENTRADA ADICIONAIS (KOHA)
Fonte de classificação ou esquema de arquivamento Classificação Decimal Universal
Tipo de item do Koha Livros
Holdings
Estado: removido Estado: perdido Fonte de classificação ou esquema de arquivamento Estado: danificado Indisponível para empréstimo Localização permanente Localização atual Data de aquisição Total Checkouts Número de Chamada completo Código de barras Date last seen Número do exemplar Preço efetivo a partir de Tipo de item (Koha)
    Classificação Decimal Universal     Biblioteca da Escola Superior de Contas do TCE/MT Biblioteca da Escola Superior de Contas do TCE/MT 30/11/2023   37.018.43 I35 BIBTCEMT23111412 30/11/2023 Ex. 1 30/11/2023 Livros
    Classificação Decimal Universal     Biblioteca da Escola Superior de Contas do TCE/MT Biblioteca da Escola Superior de Contas do TCE/MT 15/12/2023   37.018.43 I35 BIBTCEMT23120672 16/12/2023 Ex. 2 16/12/2023 Livros
    Classificação Decimal Universal     Biblioteca da Escola Superior de Contas do TCE/MT Biblioteca da Escola Superior de Contas do TCE/MT 15/12/2023   37.018.43 I35 BIBTCEMT23120673 16/12/2023 Ex. 3 16/12/2023 Livros
    Classificação Decimal Universal     Biblioteca da Escola Superior de Contas do TCE/MT Biblioteca da Escola Superior de Contas do TCE/MT 15/12/2023   37.018.43 I35 BIBTCEMT23120674 16/12/2023 Ex. 4 16/12/2023 Livros
    Classificação Decimal Universal     Biblioteca da Escola Superior de Contas do TCE/MT Biblioteca da Escola Superior de Contas do TCE/MT 15/12/2023   37.018.43 I35 BIBTCEMT23120675 16/12/2023 Ex. 5 16/12/2023 Livros

Powered by Koha